000 00484nam a2200205Ia 4500
005 20250923145254.0
008 008 250917s9999 xx 000 0 eng d
037 _aTextual
040 _aDSWL
_beng
_cDSWL
041 _aeng
_2eng
084 _qDSWL
245 0 _aChildren Today
260 _aUSA
_bDef H g Wealth Education & Welfare
_c1972
300 _a224p.
365 _aINR
_b6.5
490 _vVol.1
925 _g6.5
942 _cTEXL
999 _c1449284
_d1449284